000 00471nam a2200181Ia 4500
001 9778
005 20260306161743.0
008 260306t1996||||xx |||||||||||||| ||spa||
041 _aESP
082 _a423.61
_bS47
100 _aSharpe, Pamela J.
_eAUT
245 0 _aHow to prepare for the Toefl test:
_btest of english as a foreign language
260 _c1996
300 _avii, 609 páginas :
_c27 cm.
650 _aGEN
654 _aCHU
942 _cLIB
_dJUS
_fJUS
_2ddc
_n
999 _c9778
_d9778